000 00752nam a2200229 a 4500
008
020 _a1853390186 (pbk.)
049 _aMAIN
090 _aRA591
_bCOM
245 0 0 _aCommunity health and sanitation /
_cselectected [sic] and edited by Charles Kerr.
260 _aLondon :
_bIntermediate Technology Publications,
_c1990.
300 _axii, 317 p. :
_bill. ;
_c23 cm.
650 0 _aSanitary engineering
_zDeveloping countries.
650 0 _aSewerage, Rural
_zDeveloping countries.
650 0 _aPublic health
_zDeveloping countries.
700 1 _aKerr, Charles.
907 _a.b10055848
_b09-02-12
_c17-04-03
003
005 20230120203825.0
040 _cNUST
942 _cBOOKS
_kRA591
_mCOM
999 _c112142
_d112142